1956 1325 1934 1458 1801 1338 1311 1077 1222 1851 1465 1842 1966 1886 1164 1412 1083 1065 1794 1882 1943 1327 1883 1947 1349 1702 1625 1412 1313 1972 1180 1598 1121 1281 1186 1510 1382 1382 1241 1369 1126 1405 1615 1341 1114 1406 1698 1559 1668 1734 1003 1983 1081 1651 1694 1915 1090 1571 1136 1633 1226 1546 1043 1743 1947 1565 1722 1335 1913 1126 1005 1426 1360 1801 1910 1748 1473 1059 1399 1227 1279 1295 1339 1804 1616 1859 1971 1717 1282 1827 1952 1328 1868 1942 1190 1613 1961 1470 1538 BCNSPRNW ULIB Ver.6.0+V

เปลี่ยนเป็นภาษาไทย

Change to English
 แสดงรายละเอียดบรรณานุกรม
  กลับหน้าหลัก

Brief Record : Get Marc (ISO 2709) : E-mail record : QR code < ปิดหน้าต่าง
LEADER : 00000nam 2200000uu 4500
001    13399123446
003     ULIB
008    020711s2557 th a 000 0 tha d
020    9786162794230
060    WX185^bธ661อ
110    มหาวิทยาลัยมหิดล.^bคณะแพทยศาสตร์ศิริราชพยาบาล.^bงานชีวอนามัย.
245    อาชีวอนามัยและความปลอดภัยในโรงพยาบาล/^cธีระ กลลดาเรืองไกร,ดุจปราถนา พิศาลสารกิจ,สุวัฒน์ ดำนิล,สุวรรณี จามจุรี,เรณู จุลศรี,พัชรี ลาลาด,บุษยา จูงาม และปทุมพร แก้วประชุม
250    พิมพ์ครั้งที่ 1
260    กรุงเทพฯ :^bโครงการตำรา-ศิริราช มหาวิทยาลัยมหิดล,^c2557
300    297 หน้า;^b21 ซม.
650    อาชีวอนามัย^xโรงพยาบาล
650    ความปลอดภัย^xโรงพยาบาล
700    ธีระ กลลดาเรืองไกร
700    ดุจปราถนา พิศาลสารกิจ
700    สุวัฒน์ ดำนิล
700    สุวรรณี จามจุรี
700    เรณู จุลศรี
700    พัชรี ลาลาด
700    บุษยา จูงาม
700    ปทุมพร แก้วประชุม
945    ^p230^l0^i20661
945    ^p230^l0^i20662
945    ^p230^l0^i20663
945    ^p230^l0^i20664
945    ^p230^l0^i20665
945    ^p230^l0^i20666
945    ^p230^l0^i20667
945    ^p230^l0^i20668
รายการนี้ยังไม่มีแท็ก
คุณยังไม่ได้ล็อกอิน คุณสามารถมีกิจกรรมร่วมกับเว็บไซต์ได้ แต่ต้องล็อกอินก่อน ::
  ล็อกอิน

รายการสื่อสารสนเทศ

ลำดับที่ ประเภท เลขเรียก/บาร์โค้ด สถานที่ สถานะ
1. วิทยาศาสตร์การแพทย์ และสุขภาพ
วิทยาศาสตร์การแพทย์ และสุขภาพ
สถานะ=หนังสือเก่า
WX185 ธ661อ ฉ.1 
  Barcode: 20661
ห้องสมุดวิทยาเขตนครสวรรค์
►ส่วนจัดเก็บหนังสือเก่า นว.
บนชั้น
  ขอยืม
2. วิทยาศาสตร์การแพทย์ และสุขภาพ
วิทยาศาสตร์การแพทย์ และสุขภาพ
สถานะ=หนังสือเก่า
WX185 ธ661อ ฉ.2 
  Barcode: 20662
ห้องสมุดวิทยาเขตนครสวรรค์
►ส่วนจัดเก็บหนังสือเก่า นว.
บนชั้น
  ขอยืม
3. วิทยาศาสตร์การแพทย์ และสุขภาพ
วิทยาศาสตร์การแพทย์ และสุขภาพ
สถานะ=หนังสือเก่า
WX185 ธ661อ ฉ.3 
  Barcode: 20663
ห้องสมุดวิทยาเขตนครสวรรค์
►ส่วนจัดเก็บหนังสือเก่า นว.
บนชั้น
  ขอยืม
4. วิทยาศาสตร์การแพทย์ และสุขภาพ
วิทยาศาสตร์การแพทย์ และสุขภาพ
สถานะ=หนังสือเก่า
WX185 ธ661อ ฉ.4 
  Barcode: 20664
ห้องสมุดวิทยาเขตนครสวรรค์
►ส่วนจัดเก็บหนังสือเก่า นว.
บนชั้น
  ขอยืม
5. วิทยาศาสตร์การแพทย์ และสุขภาพ
วิทยาศาสตร์การแพทย์ และสุขภาพ
สถานะ=หนังสือเก่า
WX185 ธ661อ ฉ.5 
  Barcode: 20665
ห้องสมุดวิทยาเขตนครสวรรค์
►ส่วนจัดเก็บหนังสือเก่า นว.
บนชั้น
  ขอยืม
6. วิทยาศาสตร์การแพทย์ และสุขภาพ
วิทยาศาสตร์การแพทย์ และสุขภาพ
สถานะ=หนังสือเก่า
WX185 ธ661อ ฉ.6 
  Barcode: 20666
ห้องสมุดวิทยาเขตนครสวรรค์
►ส่วนจัดเก็บหนังสือเก่า นว.
บนชั้น
  ขอยืม
7. วิทยาศาสตร์การแพทย์ และสุขภาพ
วิทยาศาสตร์การแพทย์ และสุขภาพ
สถานะ=หนังสือเก่า
WX185 ธ661อ ฉ.7 
  Barcode: 20667
ห้องสมุดวิทยาเขตนครสวรรค์
►ส่วนจัดเก็บหนังสือเก่า นว.
บนชั้น
  ขอยืม
8. วิทยาศาสตร์การแพทย์ และสุขภาพ
วิทยาศาสตร์การแพทย์ และสุขภาพ
สถานะ=หนังสือเก่า
WX185 ธ661อ ฉ.8 
  Barcode: 20668
ห้องสมุดวิทยาเขตนครสวรรค์
►ส่วนจัดเก็บหนังสือเก่า นว.
บนชั้น
  ขอยืม

BibComment


ยังไม่เคยถูกคอมเมนท์

คอมเมนท์ทรัพยากรรายการนี้
  คอมเมนท์: อาชีวอนามัยและควา..


 Copyright 2026. Bcnsprnw @Library